[Event "Nordic-ch U20 Gp-A"]
[Site "Torshavn"]
[Date "2021.09.11"]
[Round "3"]
[White "Jarviniemi, Olli"]
[Black "Morkore, Rogvi"]
[Result "1-0"]
[WhiteElo "1425"]
[BlackElo "1720"]
[PlyCount "67"]
[EventDate "2021.09.10"]
[EventType "swiss"]
[EventRounds "6"]
[EventCountry "FAI"]
[SourceTitle "CBM 204 Extra"]
[Source "ChessBase"]
[SourceDate "2021.11.30"]
[SourceVersion "1"]
[SourceVersionDate "2021.11.30"]
[SourceQuality "1"]

1. d4 Nf6 2. c4 e6 3. Nc3 Bb4 4. e3 c5 5. Nge2 d5 6. dxc5 Bxc5 7. cxd5 exd5 8. Nf4 Bb4 9. Bd3 Nc6 10. 0-0 Bxc3 11. bxc3 0-0 12. Ba3 Re8 13. Qc2 Qa5 14. Bb2 Ne5 15. c4 dxc4 16. Bxc4 Bf5 17. Qb3 Nxc4 18. Qxc4 Qb6 19. Bd4 Qd6 20. Rfd1 Red8 21. f3 Be6 22. Qb5 Nd5 23. Bc5 Nc3 24. Qb4 Qxd1+ 25. Rxd1 Rxd1+ 26. Kf2 Nxa2 27. Qxb7 Rad8 28. Nxe6 fxe6 29. Bd4 e5 30. Bxe5 R1d2+ 31. Kg3 R8d7 32. Qb3+ Kf8 33. Bd4 Rc7 34. Qb8+ 1-0

[Event "Nordic-ch U20 Gp-A"]
[Site "Torshavn"]
[Date "2021.09.10"]
[Round "2"]
[White "Easwaralingam, Adesh"]
[Black "Jarviniemi, Olli"]
[Result "1-0"]
[WhiteElo "2128"]
[BlackElo "1425"]
[PlyCount "47"]
[EventDate "2021.09.10"]
[EventType "swiss"]
[EventRounds "6"]
[EventCountry "FAI"]
[SourceTitle "CBM 204 Extra"]
[Source "ChessBase"]
[SourceDate "2021.11.30"]
[SourceVersion "1"]
[SourceVersionDate "2021.11.30"]
[SourceQuality "1"]

1. e4 d6 2. d4 Nf6 3. Nc3 Nbd7 4. Nf3 e5 5. Bc4 Be7 6. 0-0 0-0 7. a4 exd4 8. Nxd4 Ne5 9. Be2 h6 10. h3 c5 11. Ndb5 a6 12. Na3 Bd7 13. f4 Ng6 14. Qd3 Bc6 15. Qg3 Kh7 16. Bd3 Nh5 17. Qg4 Nf6 18. Qe2 Qd7 19. Nc4 Rae8 20. e5 d5 21. exf6 dxc4 22. fxe7 Rxe7 23. Bxg6+ fxg6 24. Qxc4 1-0